Schriften aus dem Nachlass

Salvato in:
Dettagli Bibliografici
Autore principale: Scheler, Max (Autore)
Natura: Libro
Lingua:tedesco
Pubblicazione: Bonn Bouvier Verlag Herbert Grunmann 1987
Serie:Max Scheler. Gesammelte Werke, 12
Soggetti:
Tags: Aggiungi Tag
Nessun Tag, puoi essere il primo ad aggiungerne!!

MARC

LEADER 00000nam a2200000 a 4500
001 UCX7273
003 CL-VaPUC
008 931202e19870000GW |||||||||||||||||ger|d
082 0 4 |a 128  |b SCH  |2 21 
100 0 |a Scheler, Max  |e author  |9 311258 
245 1 0 |a Schriften aus dem Nachlass 
300 |a v 
942 |c BK 
945 |d 19931202 00:00:00  |a mfernand 
260 |a Bonn  |b Bouvier Verlag Herbert Grunmann  |c 1987 
500 |a v.3: Philosophische anthropologie 
500 |a v.4: Philosophie und Geschichte 
500 |a v.5: Varia I 
650 0 |a Antropología filosófica  |9 265842 
583 |a last modification  |c 19931202 00:00:00  |k Rodrigo Vera 
490 0 |a Max Scheler. Gesammelte Werke, 12 
999 |c 227135  |d 227133 
952 |0 0  |1 0  |4 0  |6 128_000000000000000_SCH_1987  |7 0  |8 P  |9 225942  |a BIBEDU  |b BIBEDU  |c BIBEDU_PB  |d 2019-11-15  |h v.3  |i 2952750  |l 2  |o 128 SCH 1987  |p 2952750  |r 2024-01-25  |s 2021-11-10  |w 2019-11-15  |y BK  |k FIL 
952 |0 0  |1 0  |4 0  |6 128_000000000000000_SCH_1987  |7 0  |8 P  |9 225943  |a BIBEDU  |b BIBEDU  |d 2019-11-15  |h v.4  |i 3000605  |o 128 SCH 1987  |p 3000605  |r 2019-11-15  |w 2019-11-15  |y BK  |k FIL 
952 |0 0  |1 0  |4 0  |6 128_000000000000000_SCH_1987  |7 0  |8 P  |9 225944  |a BIBEDU  |b BIBEDU  |c BIBEDU_PB  |d 2019-11-15  |h v.5  |i 3000613  |o 128 SCH 1987  |p 3000613  |r 2024-01-25  |w 2019-11-15  |y BK  |k FIL